[Event "IECC CL2-1998.06"]
[Site "IECC email"]
[Date "1998.04.01"]
[Round "?"]
[White "Wenaas, Eric"]
[Black "Houpt, William David"]
[Result "0-1"]
[WhiteElo "2098"]
[BlackElo "2095"]
[PlyCount "68"]
[EventDate "1998.??.??"]
[EventType "tourn (corr)"]
[EventRounds "4"]
[SourceTitle "Corr 2008"]
[Source "ChessBase"]
[SourceDate "2008.06.24"]
[SourceVersion "1"]
[SourceVersionDate "2008.06.24"]
[SourceQuality "1"]

1. e4 d6 2. d4 Nf6 3. Nc3 g6 4. Nf3 Bg7 5. Be2 0-0 6. 0-0 c6 7. h3 Nbd7 8. e5 Ne8 9. Bc4 dxe5 10. dxe5 Nc7 11. Qe2 b5 12. Bb3 b4 13. Na4 Ba6 14. Bc4 Bb5 15. b3 Bxc4 16. bxc4 Ne6 17. Nb2 Qc7 18. Nd3 c5 19. Re1 Nb6 20. Nf4 Qc6 21. Be3 Nxf4 22. Bxf4 Qe6 23. Nd2 Rfd8 24. Nb3 Qxc4 25. Qxc4 Nxc4 26. Nxc5 Rac8 27. Na6 Rd4 28. Nxb4 Nb6 29. Nd3 Rxc2 30. Rad1 Nd5 31. Bg5 h6 32. Nf4 Bxe5 33. Nxd5 hxg5 34. Nxe7+ Kf8 0-1